[Event "Olympiad Women-41"]
[Site "Tromsoe"]
[Date "2014.08.03"]
[Round "2.3"]
[White "Nemcova, Katerina"]
[Black "Barbier, Wiebke"]
[Result "0-1"]
[WhiteElo "2315"]
[BlackElo "1944"]
[PlyCount "152"]
[EventDate "2014.08.02"]
[EventType "team-swiss"]
[EventRounds "11"]
[EventCountry "NOR"]
[SourceTitle "CBM 162"]
[Source "ChessBase"]
[SourceDate "2014.09.17"]
[SourceVersion "1"]
[SourceVersionDate "2014.09.17"]
[SourceQuality "1"]
[WhiteTeam "United States (W)"]
[BlackTeam "Belgium (W)"]
[WhiteTeamCountry "USA"]
[BlackTeamCountry "BEL"]

1. e4 d6 2. d4 Nf6 3. Nc3 e5 4. Nf3 Nbd7 5. Bc4 Be7 6. 0-0 0-0 7. Re1 c6 8. a4 a5 9. b3 Qc7 10. h3 h6 11. Bb2 Re8 12. Qd2 Bf8 13. Rad1 exd4 14. Nxd4 Nc5 15. f3 Bd7 16. Qf2 Rad8 17. Bc1 Bc8 18. Bf1 d5 19. e5 Rxe5 20. Bf4 Bd6 21. Ndb5 cxb5 22. Nxb5 Rxe1 23. Rxe1 Qc6 24. Nxd6 Rxd6 25. Bb5 Qb6 26. Bxd6 Qxd6 27. Rd1 Ne6 28. c3 Nf4 29. Bf1 Be6 30. Rd4 Ng6 31. b4 axb4 32. Rxb4 Qc6 33. Qd4 Ne7 34. Rb6 Qc7 35. Qb4 Bc8 36. a5 Nc6 37. Qa3 d4 38. cxd4 Nxd4 39. Rd6 Nc6 40. Bb5 Nxa5 41. Qd3 Qc5+ 42. Kf1 Bf5 43. Rd8+ Kh7 44. Qxf5+ Qxf5 45. Bd3 Kg6 46. Ke2 Nc6 47. Rd6 Qxd3+ 48. Rxd3 Kf5 49. Kd2 Ne5 50. Rb3 Nc4+ 51. Kd3 Nd6 52. Kd4 Kf4 53. g4 Kg3 54. Ke5 Nfe8 55. f4+ Kh4 56. Kd5 f6 57. Ke6 h5 58. gxh5 Kxh5 59. f5 Kg5 60. Rb1 b5 61. Rb2 Kf4 62. Rg2 Ke4 63. Rg4+ Kf3 64. Kd7 Ke3 65. Ke7 Kd3 66. h4 Kc3 67. h5 b4 68. Rg3+ Kc2 69. Rg2+ Kd3 70. Rg3+ Kc4 71. Rg4+ Kc5 72. Kf8 b3 73. Rg3 Kb4 74. Rxg7 Nxg7 75. h6 Ndxf5 76. h7 b2 0-1

[Event "EU-chT (Women) 19th"]
[Site "Warsaw"]
[Date "2013.11.09"]
[Round "2.4"]
[White "Barbier, Wiebke"]
[Black "Kursova, Maria"]
[Result "0-1"]
[WhiteElo "1945"]
[BlackElo "2339"]
[PlyCount "76"]
[EventDate "2013.11.08"]
[EventType "team-swiss"]
[EventRounds "9"]
[EventCountry "POL"]
[SourceTitle "EXT 2014"]
[Source "ChessBase"]
[SourceDate "2013.11.20"]
[SourceVersion "1"]
[SourceVersionDate "2013.11.20"]
[SourceQuality "1"]
[WhiteTeam "Belgium (W)"]
[BlackTeam "Armenia (W)"]
[WhiteTeamCountry "BEL"]
[BlackTeamCountry "ARM"]

1. e4 c5 2. d3 Nc6 3. f4 g6 4. Nf3 Bg7 5. c3 d6 6. Be2 Nf6 7. 0-0 0-0 8. Na3 Rb8 9. Nc2 b5 10. Qe1 b4 11. c4 Nd7 12. f5 b3 13. axb3 Rxb3 14. Ng5 Nf6 15. fxg6 fxg6 16. Qh4 h6 17. Nh3 g5 18. Qe1 Ne5 19. Nf2 Qb6 20. Ne3 e6 21. Bd2 Rxb2 22. Qc1 Nc6 23. Bd1 Nd7 24. Bg4 Nde5 25. Bc3 Rbxf2 26. Rxf2 Rxf2 27. Rb1 Qc7 28. Qd1 Nxg4 29. Nxg4 Rf8 30. Bxg7 Qxg7 31. Qa4 Qd4+ 32. Kh1 Qxd3 33. Rg1 Bd7 34. Nxh6+ Kg7 35. Ng4 Rf1 36. h3 Rxg1+ 37. Kxg1 Qxe4 38. Qa1+ Qd4+ 0-1

[Event "BEL-ch op"]
[Site "Antwerp"]
[Date "2013.07.12"]
[Round "7"]
[White "Barbier, Wiebke"]
[Black "Bomans, Arno"]
[Result "1/2-1/2"]
[WhiteElo "1939"]
[BlackElo "2204"]
[PlyCount "60"]
[EventDate "2013.07.06"]
[EventType "swiss"]
[EventRounds "9"]
[EventCountry "BEL"]
[SourceTitle "CBM 155 Extra"]
[Source "ChessBase"]
[SourceDate "2013.08.26"]
[SourceVersion "1"]
[SourceVersionDate "2013.08.26"]
[SourceQuality "1"]

1. e4 c6 2. d3 d5 3. Nd2 e5 4. Ngf3 Bd6 5. d4 exd4 6. exd5 cxd5 7. Nxd4 Nc6 8. Nb5 Bb8 9. Nf3 Bg4 10. Be2 Nge7 11. 0-0 0-0 12. Re1 a6 13. Nbd4 Qd6 14. g3 Ng6 15. b3 Ba7 16. Be3 Rfe8 17. Qd2 Re4 18. c3 f6 19. Bd3 Nce5 20. Bxe4 dxe4 21. Nxe5 Nxe5 22. f4 exf3 23. Kf2 Rd8 24. Rad1 Bh5 25. h3 Qd7 26. Rh1 Bg6 27. Nxf3 Nd3+ 28. Kg2 Bb8 29. Rhf1 Be4 30. Kh2 h5 1/2-1/2

[Event "BEL-ch op"]
[Site "Antwerp"]
[Date "2013.07.09"]
[Round "4"]
[White "Ooghe, Jean Marie"]
[Black "Barbier, Wiebke"]
[Result "1-0"]
[WhiteElo "1832"]
[BlackElo "1939"]
[PlyCount "39"]
[EventDate "2013.07.06"]
[EventType "swiss"]
[EventRounds "9"]
[EventCountry "BEL"]
[SourceTitle "CBM 155 Extra"]
[Source "ChessBase"]
[SourceDate "2013.08.26"]
[SourceVersion "1"]
[SourceVersionDate "2013.08.26"]
[SourceQuality "1"]

1. c4 d6 2. g3 e5 3. Bg2 c6 4. Nc3 Be6 5. d3 g6 6. Nf3 Bg7 7. 0-0 f5 8. Ng5 Qe7 9. Nxe6 Qxe6 10. Bd2 Nf6 11. b4 e4 12. Qc1 0-0 13. Rb1 Nbd7 14. b5 d5 15. bxc6 bxc6 16. cxd5 cxd5 17. Nb5 Rac8 18. Qa3 Rc2 19. Nd4 Qe5 20. Nxc2 1-0